|
|
|
|
| LEADER |
00000caa a2200000 c 4500 |
| 001 |
1685449530 |
| 003 |
DE-627 |
| 005 |
20200427080437.0 |
| 007 |
tu |
| 008 |
191213s2019 xx ||||| 00| ||ger c |
| 020 |
|
|
|a 9783837644944
|
| 035 |
|
|
|a (DE-627)1685449530
|
| 035 |
|
|
|a (DE-599)KXP1685449530
|
| 040 |
|
|
|a DE-627
|b ger
|c DE-627
|e rda
|
| 041 |
|
|
|a ger
|
| 100 |
1 |
|
|a Egbert, Simon
|e VerfasserIn
|0 (DE-588)1106120205
|0 (DE-627)862899826
|0 (DE-576)473860651
|4 aut
|
| 109 |
|
|
|a Egbert, Simon
|
| 245 |
1 |
0 |
|a Cannabis als Dopingmittel
|b eine substanzzentrierte Annäherung an die Rationalitäten des Drogentestens im Leistungssport
|c Simon Egbert, Katja Thane & Monika Urban
|
| 264 |
|
1 |
|c 2019
|
| 336 |
|
|
|a Text
|b txt
|2 rdacontent
|
| 337 |
|
|
|a ohne Hilfsmittel zu benutzen
|b n
|2 rdamedia
|
| 338 |
|
|
|a Band
|b nc
|2 rdacarrier
|
| 500 |
|
|
|a Literaturangaben
|
| 700 |
1 |
|
|a Thane, Katja
|e VerfasserIn
|0 (DE-588)1028874006
|0 (DE-627)731785525
|0 (DE-576)37631561X
|4 aut
|
| 700 |
1 |
|
|a Urban, Monika
|e VerfasserIn
|0 (DE-588)1059728613
|0 (DE-627)799059722
|0 (DE-576)415791332
|4 aut
|
| 773 |
0 |
8 |
|i Enthalten in
|t Kritik des Anti-Doping
|d Bielefeld : transcript, 2019
|g (2019), Seite 69-98
|h 329 Seiten
|w (DE-627)1023297884
|w (DE-576)511078846
|z 9783837644944
|z 3837644944
|7 nnam
|
| 773 |
1 |
8 |
|g year:2019
|g pages:69-98
|
| 951 |
|
|
|a AR
|
| ELC |
|
|
|b 1
|
| LOK |
|
|
|0 000 xxxxxcx a22 zn 4500
|
| LOK |
|
|
|0 001 3564481516
|
| LOK |
|
|
|0 003 DE-627
|
| LOK |
|
|
|0 004 1685449530
|
| LOK |
|
|
|0 005 20260112104709
|
| LOK |
|
|
|0 008 191213||||||||||||||||ger|||||||
|
| LOK |
|
|
|0 040
|a DE-21-110
|c DE-627
|d DE-21-110
|
| LOK |
|
|
|0 689
|a s
|a Sport
|
| LOK |
|
|
|0 689
|a s
|a Doping
|
| LOK |
|
|
|0 689
|a s
|a Drogentest
|
| LOK |
|
|
|0 689
|a s
|a Cannabis
|
| LOK |
|
|
|0 689
|a s
|a Rationalität
|
| LOK |
|
|
|0 852
|a DE-21-110
|
| LOK |
|
|
|0 852 1
|m p
|9 00
|
| LOK |
|
|
|0 938
|k p
|
| LOK |
|
|
|0 939
|a 13-12-19
|b l01
|
| ORI |
|
|
|a SA-MARC-krimdoka001.raw
|